Disney - Charakter mit "L" - Statistiken

Allgemein
  • Dieses Quiz wurde 93 mal gespielt
    89 seit der letzten Aktualisierung
  • Das Durchschnittsergebnis liegt bei 5 aus 22
Antwortstatistiken
Film/ Serie Name % Korrekt
... & Stitch Lilo
100%
Mulan Li Shang
100%
Luca Luca Paguro
75%
Die Schöne & das Biest Lumiere
49%
Star Wars Leia Organa
39%
Star Wars Luke Skywalker
37%
Encanto Luisa Madrigal
26%
Merida Lord MacGuffin
13%
Cinderella Luzifer
13%
Fluch der Karibik Lord Cutler Beckett
12%
Die Schöne & das Biest Lefou
11%
Das Dschungelbuch Louie
9%
Willkommen imHaus der Eulen Luz Noceda
9%
Cinderella Lady Tremaine
8%
Toy Story 3 Lotso Knuddelbär
5%
Cars 2 Lewis Hamilton
4%
Die kleine Lampe Luxo
4%
Die kleine Lampe Luxo Jr.
4%
Willkommen im Haus der Eulen Lilith Dornenklaue
3%
Alles steht Kopf Löscharbeiter
3%
Arlo & Spot Libby
1%
Star gegen die Mächte des Bösen Ludo Avarius
0%
Keine übereinstimmenden Quizze gefunden
Verteilung der Resultate
Anzahl Personen mit jedem Resultat
Perzentil nach korrekt beantworteten Fragen
Ihre Resultats-Entwicklung
Sie haben dieses Quiz seit der letzten Aktualisierung nicht gespielt